000 00464nam a2200169 i 4500
001 38083
003 ES-MaACL
005 20230906155707.0
007 t|
008 030224s1978 sp ||||1| spa d
100 1 _aCalahan, H. A.
_933514
245 1 0 _aAprendiendo a navegar a vela /
_cH. A. Calahan.
250 _a[6ª ed.].
260 _aBarcelona :
_bJuventud,
_c[1978]
300 _a253 p., 10 lám. :
_bil. ;
_c23 cm.
852 _aES-MaACL
_jA-9962
_bR.99395
999 _c38083
_d38083